Obras de ornamentación y de artes industriales existentes en la Sección de Bellas Artes de la Biblioteca Nacional (Record no. 98447)
[ view plain ]
| 000 -LEADER | |
|---|---|
| campo de control de longitud fija | 00798nam a2200205 i 4500 |
| 001 - NÚMERO DE CONTROL | |
| campo de control | 98447 |
| 003 - IDENTIFICADOR DE NÚMERO DE CONTROL | |
| campo de control | ES-MaACL |
| 005 - FECHA Y HORA DE LA ÚLTIMA TRANSACCIÓN | |
| campo de control | 20240301062534.0 |
| 007 - CAMPO FIJO DE DESCRIPCIÓN FÍSICA--INFORMACIÓN GENERAL | |
| campo de control de longitud fija | t| |
| 008 - DATOS DE LONGITUD FIJA--INFORMACIÓN GENERAL | |
| campo de control de longitud fija | 050902s1914 sp ||||1| spa d |
| 100 1# - ENTRADA PRINCIPAL--NOMBRE DE PERSONA | |
| Nombre de persona | Velasco y Aguirre, Miguel. |
| 9 (RLIN) | 113780 |
| 245 10 - MENCIÓN DEL TÍTULO | |
| Título | Obras de ornamentación y de artes industriales existentes en la Sección de Bellas Artes de la Biblioteca Nacional |
| Resto del título | : catálogo provisional / |
| Mención de responsabilidad, etc. | por Miguel Velasco y Aguirre. |
| 260 ## - PUBLICACIÓN, DISTRIBUCIÓN, ETC. | |
| Lugar de publicación, distribución, etc. | Madrid : |
| Nombre del editor, distribuidor, etc. | [s.n.], |
| Fecha de publicación, distribución, etc. | 1914. |
| 300 ## - DESCRIPCIÓN FÍSICA | |
| Extensión | 115 p. ; |
| Dimensiones | 24 cm. |
| 610 24 - PUNTO DE ACCESO ADICIONAL DE MATERIA--NOMBRE DE ENTIDAD CORPORATIVA | |
| Nombre de entidad corporativa o nombre de jurisdicción como elemento de entrada | Biblioteca Nacional (España). |
| Unidad subordinada | Sección de Bellas Artes- |
| Subdivisión de forma | Catálogos. |
| 9 (RLIN) | 157744 |
| 650 #4 - PUNTO DE ACCESO ADICIONAL DE MATERIA--TÉRMINO DE MATERIA | |
| Término de materia o nombre geográfico como elemento de entrada | Decoración y ornamentación- |
| Subdivisión de forma | Bibliografías. |
| 9 (RLIN) | 157745 |
| 710 2# - ENTRADA AGREGADA--NOMBRE DE ENTIDAD CORPORATIVA | |
| Nombre de entidad corporativa o nombre de jurisdicción como elemento de entrada | Biblioteca Nacional (España) |
| 9 (RLIN) | 2188 |
| 852 ## - LOCALIZACIÓN | |
| Ubicación | ES-MaACL |
| Número de control de estantería | C-15737(3) |
| Estatus retirado | Estado de pérdida | Estado de daño | No para préstamo | Biblioteca de origen | Biblioteca actual | Ubicación en estantería | Fecha de adquisición | Fuente de adquisición | Total de préstamos | Signatura topográfica completa | Código de barras | Visto por última vez | Precio de reemplazo | Tipo de ítem Koha |
|---|---|---|---|---|---|---|---|---|---|---|---|---|---|---|
| Biblioteca del Ateneo de Madrid | Biblioteca del Ateneo de Madrid | Ficheros | 17/01/2008 | C-15737(3) | 1102770 | 23/02/2023 | 23/02/2023 | Libro impreso |
